000 00492nam a2200181Ia 4500
008 240925s9999 xx 000 0 und d
020 _a135311128
082 _a658.45 LAH
100 _aLahiff , James M; Penrose ,John M.
245 0 _aBusiness Communication: strategies and skills
250 _aNA
260 _aNew Jersey:
_bPrintice- Hall Int.
_c,1997.
300 _axi,255p.
_bNA
_fOriginal
500 _aIncludes Index
600 _aManagement
650 _aManagement
942 _cBK
999 _c5981
_d5981